000 00425nam a2200181Ia 4500
001 23475
005 20260414150939.0
008 260414t2013||||xx |||||||||||||| ||spa||
041 _aESP
082 _a650.1
_bD75
100 _aDiez Canseco Terry, Raúl
_eAUT
245 0 _aEl arte de emprender
_b
260 _c2013
300 _a257 páginas :
_c23 cm.
650 _aGEN
654 _aCCO
942 _cLIB
_dJUS
_fJUS
_2ddc
_n
999 _c23475
_d23475